[Event "España tch 1A 2012"]
[Site "Don Benito ESP"]
[Date "2012.08.01"]
[Round "3.32"]
[White "Trepat Herranz, Joan"]
[Black "Recuero Guerra, David"]
[Result "1-0"]
[WhiteElo "2299"]
[BlackElo "2467"]
[PlyCount "109"]
[EventDate "2012.07.30"]
[EventType "swiss"]
[EventRounds "9"]
[EventCountry "ESP"]
[Source "lmi"]
[SourceDate "2012.07.30"]

1. e4 c5 2. Nf3 d6 3. d4 cxd4 4. Nxd4 Nf6 5. Nc3 Nc6 6. Bg5 e6 7. Qd2 Be7 8.
O-O-O Nxd4 9. Qxd4 O-O 10. f3 a6 11. h4 b5 12. Kb1 Bb7 13. Qd2 Qc7 14. Bd3 Rac8
15. Ne2 d5 16. e5 Ne4 17. Qe1 Bc5 18. Rf1 Bb6 19. Rc1 Nc5 20. Qg3 f5 21. h5 b4
22. h6 g6 23. Rfe1 Qf7 24. Nf4 Nd7 25. Qh4 Bc7 26. Be7 Rfe8 27. Bxb4 Bxe5 28.
c4 d4 29. c5 Bf6 30. Qf2 Ne5 31. Bc2 a5 32. Bxa5 Rxc5 33. Bb6 Rc4 34. Bb3 Rxc1+
35. Rxc1 Nc6 36. Re1 Be5 37. Nd3 Bf6 38. Nc5 Ne5 39. Nxb7 Nd3 40. Nd6 Nxf2 41.
Nxf7 Kxf7 42. a4 Nd3 43. Rd1 Rb8 44. a5 Nf4 45. Bc4 Nxg2 46. a6 d3 47. Rxd3
Rxb6 48. a7 Rxb2+ 49. Kc1 Rb4 50. Ba6 Bg5+ 51. Kd1 Rb1+ 52. Kc2 Rc1+ 53. Kb2
Ne1 54. Rd7+ Ke8 55. Rxh7 1-0

[Event "España tch 1A 2012"]
[Site "Don Benito ESP"]
[Date "2012.08.01"]
[Round "3.33"]
[White "Gonzalez Menendez, Ivan"]
[Black "Martinez Lopez, Ivan"]
[Result "1/2-1/2"]
[WhiteElo "2411"]
[BlackElo "2302"]
[PlyCount "79"]
[EventDate "2012.07.30"]
[EventType "swiss"]
[EventRounds "9"]
[EventCountry "ESP"]
[Source "lmi"]
[SourceDate "2012.07.30"]

1. e4 d5 2. exd5 Qxd5 3. Nc3 Qa5 4. d4 c6 5. Bc4 Bf5 6. Nf3 e6 7. Bd2 Nf6 8.
Qe2 Bb4 9. O-O-O O-O 10. a3 Bxc3 11. Bxc3 Qc7 12. Ne5 Nbd7 13. h3 Nxe5 14. dxe5
Ne4 15. Bd2 Nxd2 16. Rxd2 Rad8 17. Rhd1 Rxd2 18. Rxd2 Rd8 19. Qe3 Rxd2 20. Kxd2
h5 21. Kc1 c5 22. Be2 Bg6 23. f4 Qc6 24. Bf3 Qa4 25. Qd2 b5 26. g4 Bxc2 27. f5
Be4 28. Bxe4 Qxe4 29. fxe6 fxe6 30. Qg5 Qh1+ 31. Kd2 Qh2+ 32. Kc1 Qxh3 33. gxh5
Qf1+ 34. Kd2 Qf2+ 35. Kc1 Qe1+ 36. Kc2 Qe4+ 37. Kc1 Qf5 38. Qe7 Qxe5 39. Qe8+
Kh7 40. Qg6+ 1/2-1/2

[Event "España tch 1A 2012"]
[Site "Don Benito ESP"]
[Date "2012.08.01"]
[Round "3.34"]
[White "Coll Ortega, Jordi"]
[Black "Suarez Real, Alberto"]
[Result "1-0"]
[WhiteElo "2293"]
[BlackElo "2400"]
[PlyCount "79"]
[EventDate "2012.07.30"]
[EventType "swiss"]
[EventRounds "9"]
[EventCountry "ESP"]
[Source "lmi"]
[SourceDate "2012.07.30"]

1. e4 c6 2. d4 d5 3. Nc3 dxe4 4. Nxe4 h6 5. Bc4 Bf5 6. Ng3 Bh7 7. N1e2 Nf6 8.
O-O e6 9. Nf4 Bd6 10. Nxe6 fxe6 11. Bxe6 Kf8 12. Re1 Na6 13. Qf3 Nc7 14. Bf4
Bxf4 15. Qxf4 Bg8 16. Bxg8 Kxg8 17. Nf5 Ncd5 18. Qg3 Nh5 19. Qf3 Qg5 20. h4 Qg6
21. c4 Rf8 22. Re5 Nhf6 23. cxd5 Nxd5 24. Qxd5+ cxd5 25. Ne7+ Kh7 26. Nxg6 Kxg6
27. Rxd5 Rd8 28. Rxd8 Rxd8 29. Rd1 Rd5 30. f3 Kf5 31. Kf2 Ke6 32. Ke3 Ra5 33.
a3 Rb5 34. Rd2 Kd5 35. b4 a5 36. bxa5 Rxa5 37. Rd3 Ra6 38. Rb3 Re6+ 39. Kd3 b6
40. Rb5+ 1-0

[Event "España tch 1A 2012"]
[Site "Don Benito ESP"]
[Date "2012.08.02"]
[Round "4.11"]
[White "Quesada Perez, Yuniesky"]
[Black "Barbero Sendic, Alejandro"]
[Result "1-0"]
[WhiteElo "2626"]
[BlackElo "2370"]
[PlyCount "95"]
[EventDate "2012.07.30"]
[EventType "swiss"]
[EventRounds "9"]
[EventCountry "ESP"]
[Source "lmi"]
[SourceDate "2012.07.30"]

1. e4 e6 2. d4 d5 3. Nc3 Nf6 4. e5 Nfd7 5. f4 c5 6. Nf3 Nc6 7. Be3 a6 8. Qd2 b5
9. Nd1 Bb7 10. Be2 Rc8 11. O-O Be7 12. c3 O-O 13. Nf2 cxd4 14. Nxd4 Nc5 15.
Nxc6 Bxc6 16. Bd4 Qc7 17. Qe3 Bb7 18. Ng4 Ne4 19. f5 exf5 20. Rxf5 Rce8 21. Bd3
Bc8 22. Bxe4 dxe4 23. Nf6+ Bxf6 24. exf6 Bxf5 25. fxg7 f6 26. gxf8=Q+ Rxf8 27.
Rf1 Bg6 28. h4 h5 29. Rxf6 Rxf6 30. Bxf6 Qf7 31. Bd4 Kh7 32. b3 Qd5 33. Qf4 Qf7
34. Qb8 Bf5 35. Qe5 Kg6 36. c4 bxc4 37. bxc4 Be6 38. c5 Bxa2 39. c6 Bd5 40. c7
Bb7 41. Be3 Kh7 42. Qd6 Qf5 43. Qe7+ Kg6 44. Qe8+ Kh7 45. Bd4 Qd5 46. Qe7+ Kg6
47. Qf6+ Kh7 48. Qf5+ 1-0

[Event "España tch 1A 2012"]
[Site "Don Benito ESP"]
[Date "2012.08.02"]
[Round "4.12"]
[White "Trepat Herranz, Joan"]
[Black "Narciso Dublan, Marc"]
[Result "0-1"]
[WhiteElo "2299"]
[BlackElo "2539"]
[PlyCount "90"]
[EventDate "2012.07.30"]
[EventType "swiss"]
[EventRounds "9"]
[EventCountry "ESP"]
[Source "lmi"]
[SourceDate "2012.07.30"]

1. e4 e5 2. Nf3 Nc6 3. Bb5 a6 4. Ba4 Nf6 5. d3 d6 6. c3 g6 7. O-O Bg7 8. Re1
O-O 9. Bg5 h6 10. Bh4 b5 11. Bc2 Nb8 12. a4 Bb7 13. Nbd2 c5 14. axb5 axb5 15.
Rxa8 Bxa8 16. d4 cxd4 17. cxd4 exd4 18. Nxd4 Qb6 19. N2b3 Nbd7 20. f3 Ne5 21.
Bf2 Qb8 22. Qe2 b4 23. Qb5 Qxb5 24. Nxb5 Rc8 25. Bb1 d5 26. exd5 Nxd5 27. Nc5
Nf4 28. Be4 Bxe4 29. Rxe4 Nfd3 30. Nd6 Ra8 31. Nxd3 Nxd3 32. Re8+ Rxe8 33. Nxe8
Bxb2 34. Nd6 Be5 35. Ne4 f5 36. Nd2 Bxh2+ 37. Kxh2 Nxf2 38. Kg1 Nd3 39. Kf1 Kf7
40. Ke2 Nf4+ 41. Kf2 Ke6 42. g3 Nh5 43. g4 fxg4 44. fxg4 Nf6 45. Kf3 g5 0-1

[Event "España tch 1A 2012"]
[Site "Don Benito ESP"]
[Date "2012.08.02"]
[Round "4.14"]
[White "Coll Ortega, Jordi"]
[Black "Alonso Moyano, Jonathan"]
[Result "0-1"]
[WhiteElo "2293"]
[BlackElo "2417"]
[PlyCount "78"]
[EventDate "2012.07.30"]
[EventType "swiss"]
[EventRounds "9"]
[EventCountry "ESP"]
[Source "lmi"]
[SourceDate "2012.07.30"]

1. e4 c5 2. Nf3 d6 3. d4 Nf6 4. Nc3 cxd4 5. Nxd4 a6 6. Bc4 e6 7. Bb3 Nbd7 8.
Bg5 Nc5 9. f4 Be7 10. Qf3 O-O 11. O-O Qd7 12. Rad1 Nxb3 13. axb3 b5 14. f5 Bb7
15. Qh3 e5 16. Bxf6 Bxf6 17. Nde2 Rac8 18. Qd3 b4 19. Nd5 Bxd5 20. exd5 e4 21.
Qxe4 Rfe8 22. Qd3 Bxb2 23. Rf4 Qa7+ 24. Kf1 Re3 25. Qd2 Rce8 26. Rc4 h6 27. Nf4
Bc3 28. Rxc3 Rxc3 29. f6 Qe3 30. fxg7 Qxd2 31. Rxd2 Kxg7 32. Ne2 Rc5 33. Kf2
Rec8 34. Kf3 Rxc2 35. Rd4 a5 36. h4 R8c3+ 37. Nxc3 Rxc3+ 38. Ke4 Rxb3 39. Kf5
Rg3 0-1

[Event "España tch 1A 2012"]
[Site "Don Benito ESP"]
[Date "2012.08.02"]
[Round "4.21"]
[White "Rakhmanov, Aleksandr"]
[Black "Andres Gonzalez, Alberto"]
[Result "1/2-1/2"]
[WhiteElo "2588"]
[BlackElo "2535"]
[PlyCount "80"]
[EventDate "2012.07.30"]
[EventType "swiss"]
[EventRounds "9"]
[EventCountry "ESP"]
[Source "lmi"]
[SourceDate "2012.07.30"]

1. d4 Nf6 2. Nf3 e6 3. e3 b6 4. Bd3 Bb7 5. Nbd2 c5 6. O-O Nc6 7. a3 Be7 8. b3
O-O 9. Bb2 Rc8 10. c4 d5 11. Rc1 dxc4 12. bxc4 Qd6 13. Re1 cxd4 14. exd4 Rfd8
15. Qe2 Qf4 16. Qe3 Bd6 17. g3 Qxe3 18. fxe3 Na5 19. Kf2 g6 20. Ke2 Nd7 21. Bc3
Nc6 22. Bb2 Na5 23. Bc3 Nc6 24. Ra1 Bf8 25. e4 Bg7 26. e5 f6 27. exf6 Nxf6 28.
Rad1 Ng4 29. h3 Nh6 30. Nb3 Nf5 31. Bxf5 exf5 32. Ba1 Ba6 33. Rc1 Bf8 34. Bb2
b5 35. cxb5 Bxb5+ 36. Kf2 Rb8 37. Nc5 Bc4 38. Rxc4 Rxb2+ 39. Re2 Rxe2+ 40. Kxe2
Nxd4+ 1/2-1/2

[Event "España tch 1A 2012"]
[Site "Don Benito ESP"]
[Date "2012.08.02"]
[Round "4.22"]
[White "Recuero Guerra, David"]
[Black "Moskalenko, Viktor"]
[Result "1-0"]
[WhiteElo "2467"]
[BlackElo "2523"]
[PlyCount "91"]
[EventDate "2012.07.30"]
[EventType "swiss"]
[EventRounds "9"]
[EventCountry "ESP"]
[Source "lmi"]
[SourceDate "2012.07.30"]

1. d4 e6 2. Nf3 d5 3. c4 c6 4. e3 Bd6 5. Bd3 f5 6. O-O Nf6 7. b3 Qe7 8. Bb2 O-O
9. Qc1 Ne4 10. Ba3 Nd7 11. Bxd6 Nxd6 12. Qa3 Re8 13. Ne5 Nxe5 14. dxe5 Ne4 15.
Qxe7 Rxe7 16. Bxe4 fxe4 17. c5 Rf7 18. Nd2 Rf5 19. f4 exf3 20. Nxf3 Bd7 21. g4
Rff8 22. Nd4 Rxf1+ 23. Rxf1 b6 24. Rc1 Kf7 25. Kf2 Be8 26. Rc2 Ke7 27. h4 Rc8
28. Rc3 Bd7 29. b4 Kd8 30. Ke2 Kc7 31. Rc1 Rf8 32. a4 bxc5 33. Rxc5 Kb6 34. Rc1
a5 35. bxa5+ Kxa5 36. Nxc6+ Kxa4 37. Nd4 Bb5+ 38. Kd2 Bc4 39. Kc3 Ka5 40. Nxe6
Rf3 41. Kd4 Rg3 42. g5 Kb4 43. Rb1+ Ka3 44. Nf4 h6 45. e6 hxg5 46. Ra1+ 1-0

[Event "España tch 1A 2012"]
[Site "Don Benito ESP"]
[Date "2012.08.02"]
[Round "4.23"]
[White "Lariño Nieto, David"]
[Black "Llaneza Vega, Marcos"]
[Result "1-0"]
[WhiteElo "2469"]
[BlackElo "2424"]
[PlyCount "85"]
[EventDate "2012.07.30"]
[EventType "swiss"]
[EventRounds "9"]
[EventCountry "ESP"]
[Source "lmi"]
[SourceDate "2012.07.30"]

1. b3 d5 2. Bb2 Bg4 3. g3 Nf6 4. Bg2 e6 5. f4 Bc5 6. Nf3 O-O 7. Nc3 Nbd7 8. e3
c6 9. h3 Bh5 10. g4 Bg6 11. O-O Ne4 12. Ne2 Qe7 13. Nfd4 Ba3 14. Bxa3 Qxa3 15.
d3 Nd6 16. Ng3 e5 17. Nf3 f6 18. f5 Bf7 19. h4 Rae8 20. Nh2 e4 21. d4 c5 22. g5
cxd4 23. exd4 Qb4 24. Kh1 Kh8 25. g6 Bg8 26. h5 h6 27. Ng4 Rc8 28. Ne2 Nb5 29.
a4 Nc3 30. Qd2 a5 31. Ng3 Nb8 32. Nxh6 Ne2 33. Nf7+ Bxf7 34. Qxe2 Rc3 35. Qg4
Rxc2 36. Rad1 Qxb3 37. h6 Qe3 38. hxg7+ Kxg7 39. Nh5+ Kh6 40. Nf4 Rh8 41. g7
Rh7 42. g8=Q Rh8 43. Ra1 1-0

[Event "España tch 1A 2012"]
[Site "Don Benito ESP"]
[Date "2012.08.02"]
[Round "4.31"]
[White "Pena Gomez, Manuel"]
[Black "Illescas Cordoba, Miguel"]
[Result "1/2-1/2"]
[WhiteElo "2408"]
[BlackElo "2601"]
[PlyCount "87"]
[EventDate "2012.07.30"]
[EventType "swiss"]
[EventRounds "9"]
[EventCountry "ESP"]
[Source "lmi"]
[SourceDate "2012.07.30"]

1. e4 c5 2. Nf3 g6 3. d4 cxd4 4. Nxd4 Bg7 5. Nc3 Nc6 6. Be3 Nf6 7. Bc4 O-O 8.
f3 Qb6 9. Bb3 Nxe4 10. Nd5 Qa5+ 11. c3 Nf6 12. Nxc6 dxc6 13. Nxe7+ Kh8 14. Nxc8
Raxc8 15. O-O Rcd8 16. Qc2 Nd5 17. Bxd5 Rxd5 18. Rfd1 Rfd8 19. a3 a6 20. Qb3
R8d7 21. a4 Kg8 22. Kf2 Qc7 23. Rxd5 cxd5 24. Rd1 Qxh2 25. Rxd5 Qh4+ 26. Kf1
Rxd5 27. Qxd5 Qxa4 28. Qxb7 h5 29. g3 Qa2 30. Kg2 a5 31. Bd4 a4 32. Qb8+ Kh7
33. Bxg7 Kxg7 34. Qb4 Kg8 35. c4 Qb3 36. Qb5 Qc2+ 37. Kf1 Qd1+ 38. Kf2 Qd2+ 39.
Kf1 Qd1+ 40. Kf2 Qc2+ 41. Ke3 Qc1+ 42. Ke2 Qc2+ 43. Ke3 Qc1+ 44. Ke4 1/2-1/2

[Event "España tch 1A 2012"]
[Site "Don Benito ESP"]
[Date "2012.08.02"]
[Round "4.33"]
[White "Guerra Bastida, Diego"]
[Black "Fernandez Garcia, Jose Luis"]
[Result "1/2-1/2"]
[WhiteElo "2397"]
[BlackElo "2419"]
[PlyCount "66"]
[EventDate "2012.07.30"]
[EventType "swiss"]
[EventRounds "9"]
[EventCountry "ESP"]
[Source "lmi"]
[SourceDate "2012.07.30"]

1. Nf3 Nf6 2. c4 g6 3. Nc3 d5 4. Qa4+ Bd7 5. Qb3 dxc4 6. Qxc4 c5 7. g3 Nc6 8.
Bg2 e5 9. Ng5 Qe7 10. Nb5 Rc8 11. O-O Na5 12. Qc3 Bxb5 13. Qxa5 a6 14. d3 h6
15. Ne4 Nxe4 16. Bxe4 Bc6 17. Be3 h5 18. h4 f5 19. Bxc6+ Rxc6 20. b4 Qd8 21.
Qa4 f4 22. Bxc5 b5 23. Qb3 Bxc5 24. bxc5 g5 25. hxg5 Qxg5 26. Qd5 Rhh6 27. Kh2
Rhg6 28. Rg1 Rcf6 29. Qa8+ Ke7 30. Qb7+ Kf8 31. Qc8+ Ke7 32. Qb7+ Kf8 33. Qc8+
Ke7 1/2-1/2

[Event "España tch 1A 2012"]
[Site "Don Benito ESP"]
[Date "2012.08.02"]
[Round "4.34"]
[White "Villavicencio Martinez, Adalber"]
[Black "Rodriguez Lopez, Rafael"]
[Result "1-0"]
[WhiteElo "2315"]
[BlackElo "2244"]
[PlyCount "67"]
[EventDate "2012.07.30"]
[EventType "swiss"]
[EventRounds "9"]
[EventCountry "ESP"]
[Source "lmi"]
[SourceDate "2012.07.30"]

1. Nf3 Nf6 2. c4 c5 3. g3 Nc6 4. Bg2 d5 5. cxd5 Nxd5 6. Nc3 g6 7. O-O Bg7 8.
Ng5 e6 9. d3 O-O 10. Nxd5 exd5 11. Nh3 Bxh3 12. Bxh3 Re8 13. Bg2 Rc8 14. Rb1 b5
15. Be3 c4 16. Bc5 Bd4 17. Bxd4 Nxd4 18. e3 Nc6 19. d4 Qd6 20. Qf3 Red8 21. a3
a5 22. h4 Rb8 23. h5 b4 24. axb4 Rxb4 25. Rfc1 a4 26. Ra1 Na5 27. Ra2 Nb3 28.
Rc2 Kg7 29. h6+ Kg8 30. g4 g5 31. Qf5 Qg6 32. Qe5 Kf8 33. Bxd5 Rxd5 34. Qxd5
1-0

[Event "España tch 1A 2012"]
[Site "Don Benito ESP"]
[Date "2012.08.03"]
[Round "5.13"]
[White "Fernandez Garcia, Jose Luis"]
[Black "Matnadze, Ana"]
[Result "0-1"]
[WhiteElo "2419"]
[BlackElo "2422"]
[PlyCount "104"]
[EventDate "2012.07.30"]
[EventType "swiss"]
[EventRounds "9"]
[EventCountry "ESP"]
[Source "lmi"]
[SourceDate "2012.07.30"]

1. e4 c5 2. Nf3 d6 3. d4 cxd4 4. Nxd4 Nf6 5. Nc3 Nc6 6. Be2 Nxd4 7. Qxd4 g6 8.
e5 dxe5 9. Qxe5 Bg7 10. O-O O-O 11. Rd1 Qb6 12. Be3 Qe6 13. Qb5 Bd7 14. Qb3
Rfc8 15. Qxe6 fxe6 16. Rd2 Bc6 17. Bc4 Bd5 18. Nxd5 Rxc4 19. Nxf6+ Bxf6 20. c3
b5 21. Rad1 Kf7 22. Kf1 a5 23. Rd8 Ra6 24. Bd4 e5 25. Be3 b4 26. Bd2 bxc3 27.
Bxc3 a4 28. a3 g5 29. h3 h5 30. Ke2 Rb6 31. R1d2 h4 32. R8d5 g4 33. Kd3 gxh3
34. gxh3 Rf4 35. Kc2 Rc6 36. Kb1 Ke6 37. Ra5 Rd6 38. Re2 Rd5 39. Ra6+ Kf5 40.
Kc2 Rc5 41. Kb1 Rcc4 42. Ra5 Rfe4 43. Rc2 Kf4 44. Ra8 Kf3 45. Rf8 Re2 46. Rxe2
Kxe2 47. Bb4 e4 48. Rf7 Rc7 49. Ba5 Rb7 50. Bb4 Kxf2 51. Bxe7 Rxe7 52. Rxf6+
Ke1 0-1

[Event "España tch 1A 2012"]
[Site "Don Benito ESP"]
[Date "2012.08.03"]
[Round "5.21"]
[White "Andres Gonzalez, Alberto"]
[Black "Pena Gomez, Manuel"]
[Result "1/2-1/2"]
[WhiteElo "2535"]
[BlackElo "2408"]
[PlyCount "97"]
[EventDate "2012.07.30"]
[EventType "swiss"]
[EventRounds "9"]
[EventCountry "ESP"]
[Source "lmi"]
[SourceDate "2012.07.30"]

1. Nf3 c5 2. c4 Nf6 3. g3 Nc6 4. Bg2 d5 5. cxd5 Nxd5 6. O-O e5 7. Nc3 Nc7 8. d3
Be7 9. Be3 O-O 10. Nd2 Nd4 11. Nc4 f6 12. Rc1 Kh8 13. a3 Rb8 14. Na5 Nce6 15.
Nb3 b6 16. Nd5 Bb7 17. Nxe7 Bxg2 18. Kxg2 Qxe7 19. Nxd4 cxd4 20. Bd2 Rfc8 21.
Qb3 Qb7+ 22. f3 Nc5 23. Qa2 b5 24. Bb4 Na6 25. Bd6 Ra8 26. Bb4 Qd7 27. Qb3 h6
28. Kg1 Kh7 29. Kg2 Kh8 30. Kg1 Kh7 31. Kg2 Nc7 32. Rc5 a5 33. Bd2 a4 34. Qa2
Ne6 35. Rxc8 Rxc8 36. Rc1 Rxc1 37. Bxc1 Qc6 38. Bd2 f5 39. Qb1 g5 40. h3 Kg6
41. b3 axb3 42. Qxb3 Kf6 43. Kf2 h5 44. Qb1 g4 45. hxg4 fxg4 46. Qh1 Kg6 47.
Qb1 Kf6 48. fxg4 hxg4 49. Qd1 1/2-1/2

[Event "España tch 1A 2012"]
[Site "Don Benito ESP"]
[Date "2012.08.03"]
[Round "5.22"]
[White "Garcia Castro, Pablo"]
[Black "Recuero Guerra, David"]
[Result "1/2-1/2"]
[WhiteElo "2393"]
[BlackElo "2467"]
[PlyCount "91"]
[EventDate "2012.07.30"]
[EventType "swiss"]
[EventRounds "9"]
[EventCountry "ESP"]
[Source "lmi"]
[SourceDate "2012.07.30"]

1. e4 e6 2. d3 d5 3. Nd2 Nf6 4. Ngf3 Be7 5. Be2 c5 6. O-O Nc6 7. c3 O-O 8. a3
Qc7 9. Re1 b6 10. Bf1 dxe4 11. dxe4 Ng4 12. h3 Nge5 13. a4 Bb7 14. Nxe5 Nxe5
15. Nc4 Rad8 16. Qb3 Nd3 17. Bxd3 Rxd3 18. a5 Bd8 19. axb6 axb6 20. Qc2 Rd7 21.
g3 f6 22. Bf4 Qc6 23. Qb3 h6 24. Ra7 Rff7 25. Nd6 Rfe7 26. Rxb7 Rxb7 27. Nxb7
Rxb7 28. Rd1 Rd7 29. Rxd7 Qxd7 30. Qc4 Be7 31. Qa6 b5 32. Be3 c4 33. h4 Kf7 34.
Kg2 h5 35. Bd4 e5 36. Be3 Bf8 37. Qa8 Be7 38. Qh8 Qd1 39. Qa8 Qd7 40. Qh8 Qd1
41. Qa8 Qd7 42. Qh8 Qd1 43. Qc8 Qd6 44. Qb7 b4 45. Qc8 Qd8 46. Bc1 1/2-1/2

[Event "España tch 1A 2012"]
[Site "Don Benito ESP"]
[Date "2012.08.03"]
[Round "5.23"]
[White "Gonzalez Menendez, Ivan"]
[Black "Guerra Bastida, Diego"]
[Result "1/2-1/2"]
[WhiteElo "2411"]
[BlackElo "2397"]
[PlyCount "69"]
[EventDate "2012.07.30"]
[EventType "swiss"]
[EventRounds "9"]
[EventCountry "ESP"]
[Source "lmi"]
[SourceDate "2012.07.30"]

1. e4 d6 2. d4 Nf6 3. Nc3 g6 4. f3 c6 5. Be3 Qb6 6. Qc1 Bg7 7. Bd3 Na6 8. a3
O-O 9. Nge2 Qc7 10. Bh6 c5 11. Bxg7 Kxg7 12. Bxa6 bxa6 13. d5 Rb8 14. O-O Bd7
15. Ng3 c4 16. Kh1 Qc5 17. Rb1 Rb7 18. Nce2 Rfb8 19. c3 e6 20. Nd4 h6 21. f4 e5
22. fxe5 dxe5 23. Nf3 Ng4 24. Qd2 Qe3 25. Qxe3 Nxe3 26. Rf2 Ng4 27. Re2 Re8 28.
h3 Nf6 29. Nd2 Rc8 30. Rf2 Ne8 31. Rbf1 f6 32. Nf3 Nd6 33. Nd2 Ne8 34. Nf3 Nd6
35. Nd2 1/2-1/2

[Event "España tch 1A 2012"]
[Site "Don Benito ESP"]
[Date "2012.08.03"]
[Round "5.33"]
[White "Martinez Lopez, Ivan"]
[Black "Lariño Nieto, David"]
[Result "1-0"]
[WhiteElo "2302"]
[BlackElo "2469"]
[PlyCount "95"]
[EventDate "2012.07.30"]
[EventType "swiss"]
[EventRounds "9"]
[EventCountry "ESP"]
[Source "lmi"]
[SourceDate "2012.07.30"]

1. c4 e5 2. g3 Nc6 3. Bg2 g6 4. Nc3 Bg7 5. e4 d6 6. Nge2 Nge7 7. O-O h5 8. h4
Nd4 9. Nxd4 exd4 10. Ne2 g5 11. hxg5 h4 12. d3 h3 13. Bf3 Ng6 14. Kh2 c5 15.
Ng1 Bd7 16. Be2 b5 17. b3 bxc4 18. bxc4 Kf8 19. f4 f5 20. gxf6 Qxf6 21. Bg4
Bxg4 22. Qxg4 Ne5 23. Qe2 Nf7 24. g4 Kg8 25. g5 Qe7 26. Bd2 Re8 27. Qg4 Qb7 28.
Rfb1 Qc7 29. Qf5 Nd8 30. Nxh3 Re7 31. Kg2 Rh4 32. Be1 Rf7 33. Qd5 Rh5 34. Bg3
Kf8 35. Nf2 Qd7 36. Rb8 Ke7 37. Rab1 Ke8 38. Qa8 Rh8 39. Rxd8+ Qxd8 40. Rb8 Rd7
41. Rxd8+ Rxd8 42. Qxa7 Rd7 43. Qa8+ Ke7 44. Qd5 Rc8 45. f5 Be5 46. Bxe5 dxe5
47. Qxe5+ Kd8 48. g6 1-0